Normal view
MARC view
- Japan
Entry Geographic Name
001 - CONTROL NUMBER
- control field: 2896
003 - CONTROL NUMBER IDENTIFIER
- control field: OSt
005 - DATE AND TIME OF LATEST TRANSACTION
- control field: 20170509154836.0
008 - FIXED-LENGTH DATA ELEMENTS
- fixed length control field: 170509|| aca||aabn | a|a d
040 ## - CATALOGING SOURCE
- Original cataloging agency: OSt
- Transcribing agency: OSt
151 ## - HEADING--GEOGRAPHIC NAME
- Geographic name: Japan
- General subdivision: Politics and government
- Chronological subdivision: 1945-
670 ## - SOURCE DATA FOUND
- Source citation: Work cat.: (OSt)0: Vogel, Ezra F. 2893, Is Japan still number one? /, 2000

PORTAL AKMAL
E-MEL JKDM
AKMAL2U
G-BAM
u-PUSTAKA